|
|
|
|
| LEADER |
00000cas a2200000 a 4500 |
| 001 |
vtls008881885 |
| 003 |
SK-MaSNL |
| 005 |
20260228162215.0 |
| 008 |
141119d19611967xo mr|p 0 0 b0hun c |
| 035 |
|
|
|a (SVKBB03)vtls000106730
|
| 040 |
|
|
|a SVKBB
|b slo
|c SVKBB
|d SNK
|e AACR2
|
| 041 |
0 |
|
|a hun
|
| 044 |
|
|
|a xo
|c SK
|
| 072 |
|
7 |
|a 34
|x Právo
|2 konspekt
|
| 080 |
|
|
|a 050
|2 2001
|
| 080 |
|
|
|a 34
|2 2001
|
| 245 |
0 |
0 |
|a Szocialista bíráskodás
|
| 260 |
|
|
|a Bratislavai
|b Igazságügyi Minisztérium jogi intézétenek Bratislavai szakostálya
|c 1961-1967
|
| 260 |
3 |
|
|3 1/1966-1967
|a Bratislavában
|b SZNT Igazságügyi Hivatala
|
| 300 |
|
|
|a 7 zv.
|c 20 cm
|
| 310 |
|
|
|a 1x mesačne
|
| 362 |
0 |
|
|a Évf. XI, sz. 1 (1961)-évf. XVII, sz. 12 (1967)
|
| 500 |
|
|
|a Podnázov: 1-2/1966, folyóirat a bírósági gyakorlat dolgozói számára ; 3/1966-12/1967, a bírósági gyakorlat folyóirata
|
| 500 |
|
|
|a Redaktori sa menia
|
| 650 |
0 |
7 |
|a právo
|2 SNKPH
|9 976
|
| 655 |
|
7 |
|a odborné časopisy
|2 SNKPH
|9 70505
|
| 752 |
|
|
|a Slovensko
|d Bratislava
|
| 775 |
0 |
|
|t Socialistické súdnictvo
|x 0231-7621
|w vtls009934819
|
| 780 |
0 |
0 |
|t Népbíró
|w vtls010301720
|
| 910 |
|
|
|a snk
|
| 916 |
|
|
|a 1961-1967
|
| 999 |
|
|
|c 7135
|d 9065
|
| 952 |
|
|
|0 0
|1 0
|4 0
|7 0
|a SNK
|b SNK
|d 2014-09-25
|f 1
|i snkČSP 221/63
|l 0
|o snkČSB 634/11/1961
|p 17A0713669
|r 2026-02-21 19:33:52
|t č. 1-12,neúpl.
|w 2026-02-21
|y PREZ
|z chýba č. 12
|
| 952 |
|
|
|0 0
|1 0
|4 0
|7 0
|a SNK
|b SNK
|d 2014-09-25
|f 1
|i snkČSP 652/63
|l 0
|o snkČSB 634/12/1962
|p 17A0713670
|r 2026-02-21 19:33:52
|t č. 1-12
|w 2026-02-21
|y PREZ
|
| 952 |
|
|
|0 0
|1 0
|4 0
|7 0
|a SNK
|b SNK
|d 2014-09-25
|f 1
|i snkČSP 134/64
|l 0
|o snkČSB 634/13/1963
|p 17A0713671
|r 2026-02-21 19:33:52
|t č. 1-12
|w 2026-02-21
|y PREZ
|
| 952 |
|
|
|0 0
|1 0
|4 0
|7 0
|a SNK
|b SNK
|d 2014-09-25
|f 1
|i snkČSP 603/65
|l 0
|o snkČSB 634/14/1964
|p 17A0713672
|r 2026-02-21 19:33:52
|t č. 1-12
|w 2026-02-21
|y PREZ
|
| 952 |
|
|
|0 0
|1 0
|4 0
|7 0
|a SNK
|b SNK
|d 2014-09-25
|f 1
|i snkČSP 546/67
|l 0
|o snkČSB 634/15/1965
|p 17A0713673
|r 2026-02-21 19:33:52
|t č. 1-12
|w 2026-02-21
|y PREZ
|
| 952 |
|
|
|0 0
|1 0
|4 0
|7 0
|a SNK
|b SNK
|d 2014-09-25
|f 1
|i snkČSP 548/67
|l 0
|o snkČSB 634/16/1966
|p 17A0713675
|r 2026-02-21 19:33:52
|t č. 1-12
|w 2026-02-21
|y PREZ
|
| 952 |
|
|
|0 0
|1 0
|4 0
|7 0
|a SNK
|b SNK
|d 2014-09-25
|f 1
|i snkČSP 317/68
|l 0
|o snkČSB 634/17/1967
|p 17A0713492
|r 2026-02-21 19:33:52
|t č. 1-12
|w 2026-02-21
|y PREZ
|